000 00660nam a2200205 a 4500
001 000010593
005 20240412074219.0
008 091008s1988 dr 000 p spa d
040 _aDO-SdBNP
_bspa
_cBNPHU
082 _aRD861.44
_bN127t
100 1 _aNadal, Pablo
_922625
245 1 0 _aTiempo paralelo /
_cPablo Nadal ; prólogo Lupo Hernández Rueda.
260 _aSanto Domingo :
_bTiempo,
_c1988.
300 _a50 p. ;
_c22 cm.
590 _aInventariado, 2018/LP
650 0 _aPoesía dominicana
_966
650 0 _aLiteratura dominicana.
_967
700 _aHernández Rueda, Lupo,
_d1930-2017
_epról.
_923790
910 _aValidado. Control de calidad EMS
999 _c10351
_d10351